| 000 | 05866cam a22004814i 4500 | ||
|---|---|---|---|
| 003 | PE-LiUPU | ||
| 005 | 20250731173420.0 | ||
| 008 | 150706s1997 miu r 000 0 spa d | ||
| 020 | _a9780825411151 | ||
| 035 | _a(Sirsi) i9780825411151 | ||
| 040 |
_aPE-LiUPU _bspa _cPE-LiUPU _erda |
||
| 049 | _aPRUA | ||
| 082 | 0 | 4 |
_a251.02 _bPP _221 |
| 100 | 1 |
_aCampbell, Roger F., _d1930- , _eautor. |
|
| 245 | 1 | 0 |
_aPredique por un año #2 : _b104 bosquejos de sermones. Dos bosquejos completos para cada domingo del año / _cRoger Campbell . |
| 264 | 1 |
_aGrand Rapids : _bEditorial Portavoz, _c1997. |
|
| 300 |
_a224 páginas ; _c22 centímetros. |
||
| 336 |
_atext _2rdacontent |
||
| 337 |
_aunmediated _2rdamedia |
||
| 338 |
_avolume _2rdacarrier |
||
| 490 | 0 | _aPredique por un año | |
| 505 | 0 | _aEnero -- ¿Que tal sí?? ¿Por qué no? -- Dónde trazar la línea en el año nuevo -- El gran plan de Dios para alcanzar al mundo (comienza la serie sobre la evangelización) -- Cómo redescubrir el "id" del evangelio -- El maestro en ganar almas -- La cosecha -- Se buscan camilleros -- ¿A quién le importa si un pecador se va al infierno? -- Febrero -- ¿Adónde se han ido todos los evangelistas? -- "No hemos sido salvos" (concluye la serie sobre la evangelización) -- La oración de Jabes -- El Dios de nuestra fe -- ¡Qué habla insensata! -- Las respuestas de Jesús a las preguntas de Job -- Levantándose de la derrota -- Haced desmontes -- Marzo -- ¿Quién dicen ustedes que soy yo? (comienza la serie sobre la cruz) -- El camino al calvario -- Pedro niega a Cristo -- La oración más difícil de elevar -- La decisión de Pilato -- ¿Barrabás o Cristo? -- "Lo que he escrito, he escrito" -- Un alma más -- Abril -- El Rey viene -- Las multitudes ante la cruz (concluye la serie sobre la cruz) -- "¿Quién nos removerá la piedra? (comienza la serie sobre la resurrección) -- Lágrimas en la mañana de resurrección -- Grandes garantías en la resurrección de Cristo -- Corazones que arden -- Yendo a pescar -- "¿Por qué estáis mirando?" (concluye la serie sobre la resurrección) -- Mayo -- El salmo 23, usted y yo -- Tres palabras que cambian la vida -- La viuda y su comida -- Lo que la madre de Moisés hizo por él -- El costo de una vida cristocéntrica -- La pregunta acerca del compromiso -- Abel habla sobre el día de los caídos -- Los huesos de José -- Junio -- "Quisiéramos ver a Jesús" -- Temores infundados -- Lot: el hombre remolón -- La más grande equivocación que podemos cometer -- Noé: un padre con éxito -- Padre nuestro -- Cómo transformar la tarea diaria en deleite divino -- Invitación a milagros -- Julio -- ¿Qué nos hace libres? -- "¿Dónde cayó?" -- ¿Qué hora es? (comienza la serie sobre profecía) -- El misterio del rapto -- Oración del fin de los siglos -- La esperanza purificadora -- Aún un poquito -- Resistiendo en los últimos días -- Agosto -- La diferencia -- Lo mejor está todavía por venir (concluye la serie sobre profecía) -- Ayuda para los afligidos (serie sobre el llamado a Moisés) -- Cuando Dios llamó a Moisés -- La incisiva pregunta de Dios al manso Moisés -- La persona que Dios escoge y usa (concluye la serie sobre el llamado a Moisés) -- Se arruinó y lo hizo de nuevo -- Cuando un ser querido muere. Septiembre -- Edificaré mi iglesia (comienza la serie sobre la iglesia primitiva) -- Se necesita una iglesia neotestamentaria -- La iglesia primitiva que marchaba y crecía -- Organizando la iglesia primitiva -- Felipe: el diácono que pidió que lo llevarán -- Cristianos -- ¿Cuál es la historia de las misiones? -- La iglesia que dejó su primer amor (concluye la serie sobre la iglesia primitiva) -- Octubre -- Qué cosas dejar en la mesa del Señor -- El poder de la alabanza -- Las bodas de Caná (Comienza la serie sobre los milagros) -- El hombre de la mano seca -- Al fin libre -- Sé limpio -- Alimentando a gente con hambre -- Pedro anda sobre las aguas -- Noviembre -- Toque el borde de su manto -- Lázaro resucita (concluye la serie sobre los milagros) -- Necio de principio a fin (comienza la serie sobre las parábolas) -- El buen siervo y la gran cena -- El fariseo y el publicano -- El siervo inmisericorde (concluye la serie sobre las parábolas) -- ¡Acción de gracias de todas maneras! -- Canción de acción de gracias -- Diciembre -- Navidad con Isaías (comienza la serie sobre el nacimiento de Cristo) -- Los descubrimientos de María -- ¿Por qué un establo y no en una mansión? -- Oh, pueblecito de Belén -- Ángeles y pastores -- Los sabios que perdieron al Salvador -- Del establo a la casa -- Las advertencias de Dios (concluye la serie sobre el nacimiento de Cristo) -- Quintos domingos -- La transfiguración -- Prepárate para venir al encuentro de tu Dios -- La mujer sorprendida en adulterio -- De perseguidor a predicador -- Del suicidio a la salvación -- El cielo: el lugar mejor -- La mujer que hizo lo que pudo -- Misión cumplida -- Índice de textos bíblicos. | |
| 526 | _aSEG42 | ||
| 526 | _aSEG41 | ||
| 526 | _aSEG40 | ||
| 526 | _aSEG39 | ||
| 526 | _aP94 | ||
| 526 | _aP87 | ||
| 526 | _aP86 | ||
| 526 | _aP85 | ||
| 526 | _aP77 | ||
| 526 | _aP76 | ||
| 526 | _aP35 | ||
| 541 | _g001-0000583; | ||
| 650 | 0 | 4 | _aSermones bíblicos. |
| 700 | 1 |
_aMesías, Miguel A., _etraductor. |
|
| 910 |
_agl _cjck _d20120610 |
||
| 942 |
_2ddc _cBOOK |
||
| 949 |
_a251.02 PP 2 _wDEWEY _c1 _i64916 _lCCODEBUL1 _mBUL _p13.00 _r0 _sY _tBOOK _u2015-7-6 _xTEOLOGIA _PP35 _o.STAFF. Colección General |
||
| 994 |
_aC0 _bPEPRU |
||
| 596 | _a1 | ||
| 999 |
_a251.02 PP 2 _wDEWEY _c53624 _i64916 _d53624 _e2018-4-10 _f2021-11-10 _g5 _lCCODEBUL1 _mBUL _n3 _p13.00 _q1 _r0 _sY _tBOOK _u2015-7-6 _xTEOLOGIA _PP35 _0COMPRA _o.STAFF. Colección Teología |
||
| 980 |
_81 _gALBERTO SANCHEZ Responsable de Automatización |
||